=LDR 00000nam 2200000 4500 =001 INLIS000000000034135 =005 20130612140042 =008 ***********************************Ind** =035 ##$$0010-061300000034135 =041 ##$$a Ind =082 ##$$a 813 =090 ##$$a 813, Ais l =100 ##$$a Aisyah, Ummu =245 ##$$a Laila, Cinta sang Hafizhah, Ummu Aisyah =260 ##$$a 2008 $b Jakarta =300 ##$$a 257 hlm, 22 cm =650 ##$$a Fiksi Indonesia =850 ##$$a NBPNMAT